Distributed Operating System Concept & Design (Record no. 36084)

MARC details
000 -LEADER
fixed length control field 00390nam a2200157Ia 4500
008 - FIXED-LENGTH DATA ELEMENTS--GENERAL INFORMATION
fixed length control field 230524s9999 xx 000 0 und d
082 ## - DEWEY DECIMAL CLASSIFICATION NUMBER
Classification number 5.133
Item number SIN
100 ## - MAIN ENTRY--AUTHOR NAME
Personal name Pradeep Ku.Sinha
245 #0 - TITLE STATEMENT
Title Distributed Operating System Concept & Design
250 ## - EDITION STATEMENT
Edition statement 1ST
260 ## - PUBLICATION, DISTRIBUTION, ETC. (IMPRINT)
Place of publication NEW DELHI
Name of publisher PHI
Year of publication 2005
300 ## - PHYSICAL DESCRIPTION
Number of Pages XIX;743
500 ## - GENERAL NOTE
General note Quantity Number: 4
650 ## - SUBJECT ADDED ENTRY--TOPICAL TERM
Topical Term Comp-Sc
942 ## - ADDED ENTRY ELEMENTS (KOHA)
Koha item type Books
Holdings
Lost status Damaged status Permanent Location Current Location Shelving location Date acquired Full call number Accession Number Koha item type
    Central Library, Trident Academy of Technology Central Library, Trident Academy of Technology General Stacks 05/24/2023 005.133 SIN 15153 Books
    Central Library, Trident Academy of Technology Central Library, Trident Academy of Technology General Stacks 05/24/2023 005.133 SIN 15154 Books
    Central Library, Trident Academy of Technology Central Library, Trident Academy of Technology General Stacks 05/24/2023 005.133 SIN 27961 Books
    Central Library, Trident Academy of Technology Central Library, Trident Academy of Technology General Stacks 05/24/2023 005.133 SIN 27962 Books
Trident Academy of Technology © 2023.
All rights reserved.                                                                                                                                                                                                        Designed by Team of Central Library .

Powered by Koha